[Event "Novosibirsk op 04"]
[Site "Novosibirsk"]
[Date "2009.04.14"]
[Round "9"]
[White "Chuguev, Anton"]
[Black "Faleev, Vasily"]
[Result "1-0"]
[WhiteElo "2214"]
[BlackElo "1959"]
[PlyCount "155"]
[EventDate "2009.04.03"]
[EventType "swiss"]
[EventRounds "9"]
[EventCountry "RUS"]
[SourceTitle "EXT 2012"]
[Source "ChessBase"]
[SourceDate "2011.11.24"]
[SourceVersion "1"]
[SourceVersionDate "2011.11.24"]
[SourceQuality "1"]

1. d4 Nf6 2. c4 e6 3. Nc3 d5 4. Bg5 c6 5. e3 Nbd7 6. cxd5 exd5 7. Bd3 Bd6 8. Nge2 0-0 9. Qc2 Qc7 10. Rc1 h6 11. Bh4 Re8 12. a3 a6 13. Bg3 Nh5 14. Nxd5 Qa5+ 15. Ndc3 Nxg3 16. Nxg3 Nf6 17. Nge4 Nxe4 18. Bxe4 Be6 19. Bf3 Rad8 20. 0-0 Bb8 21. Ne4 Bf5 22. Qc5 Qc7 23. Ng3 Bg6 24. Rfd1 Rd6 25. b4 Qd8 26. a4 Rde6 27. Qc3 Qg5 28. d5 cxd5 29. Bxd5 R6e7 30. Qd4 Be5 31. Qb6 h5 32. f4 Qf6 33. Qxf6 Bxf6 34. Nf1 Be4 35. b5 Bb2 36. Rc5 Ba3 37. Rc3 Bb4 38. Rc4 a5 39. Kf2 b6 40. Bxe4 Rxe4 41. Rxe4 Rxe4 42. Rd4 Re8 43. Rc4 Bc5 44. Ke2 f5 45. e4 fxe4 46. Nd2 e3 47. Ne4 Bb4 48. Kxe3 Kf7 49. Kd3 Rd8+ 50. Rd4 Rxd4+ 51. Kxd4 Ke6 52. g3 Be1 53. h3 g6 54. g4 Bb4 55. Nc3 hxg4 56. hxg4 Bc5+ 57. Ke4 Bf2 58. f5+ gxf5+ 59. gxf5+ Kd6 60. f6 Ke6 61. f7 Bc5 62. Ne2 Kxf7 63. Kd5 Ke7 64. Kc6 Be3 65. Nc3 Kd8 66. Nd5 Bf2 67. Nxb6 Bg3 68. Nc4 Bc7 69. b6 Kc8 70. Nxa5 Bd8 71. Nb3 Kb8 72. Nc5 Ka8 73. a5 Bh4 74. Ne6 Be1 75. a6 Bg3 76. Nc7+ Bxc7 77. bxc7 Ka7 78. c8R 1-0

[Event "Novosibirsk op 04"]
[Site "Novosibirsk"]
[Date "2009.04.04"]
[Round "2"]
[White "Bychkov, Leonid Fedorovich"]
[Black "Faleev, Vasily"]
[Result "0-1"]
[WhiteElo "1851"]
[BlackElo "1959"]
[PlyCount "82"]
[EventDate "2009.04.03"]
[EventType "swiss"]
[EventRounds "9"]
[EventCountry "RUS"]
[SourceTitle "EXT 2012"]
[Source "ChessBase"]
[SourceDate "2011.11.24"]
[SourceVersion "1"]
[SourceVersionDate "2011.11.24"]
[SourceQuality "1"]

1. d4 d5 2. c4 Nc6 3. Nc3 dxc4 4. d5 Ne5 5. Qd4 Nd7 6. e4 Nb6 7. Bxc4 e6 8. Nf3 Nxc4 9. Qxc4 Nf6 10. 0-0 a6 11. a4 exd5 12. exd5 Bd7 13. Re1+ Be7 14. Qe2 Bg4 15. Bg5 Kf8 16. Rad1 h6 17. Bh4 g5 18. Bg3 Bd6 19. Be5 Kg7 20. Qe4 Bxf3 21. Qxf3 Bxe5 22. Rxe5 Re8 23. Rf5 Qd6 24. h4 Re5 25. Rxe5 Qxe5 26. d6 c6 27. hxg5 hxg5 28. Qe3 Qxe3 29. fxe3 Nd7 30. Kf2 f5 31. e4 Rf8 32. Kg3 f4+ 33. Kf2 g4 34. Rd4 Ne5 35. b4 g3+ 36. Kg1 Kf6 37. Ne2 Ke6 38. Nc1 f3 39. Nd3 f2+ 40. Kf1 Ng4 41. Nxf2 gxf2 0-1

[Event "Novosibirsk op 03"]
[Site "Novosibirsk"]
[Date "2009.03.27"]
[Round "7"]
[White "Faleev, Vasily"]
[Black "Romanov, Viktor"]
[Result "1-0"]
[WhiteElo "1959"]
[BlackElo "1970"]
[PlyCount "129"]
[EventDate "2009.03.17"]
[EventType "swiss"]
[EventRounds "9"]
[EventCountry "RUS"]
[SourceTitle "EXT 2012"]
[Source "ChessBase"]
[SourceDate "2011.11.24"]
[SourceVersion "1"]
[SourceVersionDate "2011.11.24"]
[SourceQuality "1"]

1. e4 g6 2. Nf3 Bg7 3. Bc4 e6 4. Nc3 b6 5. d4 d6 6. Bg5 f6 7. Be3 Ne7 8. Qd2 Nbc6 9. 0-0-0 Na5 10. Bb5+ c6 11. Be2 d5 12. g4 Nc4 13. Bxc4 dxc4 14. Qe2 b5 15. d5 Qa5 16. d6 Ng8 17. Nd2 Nh6 18. a3 Nf7 19. Bc5 Bd7 20. f4 e5 21. h4 exf4 22. g5 0-0-0 23. Bd4 Ne5 24. Qf2 Kb7 25. Nf3 Bg4 26. gxf6 Bxf6 27. Nxe5 Bxd1 28. Rxd1 Rxd6 29. Nf7 Rxd4 30. Rxd4 Bxd4 31. Qxd4 Rg8 32. Qf6 Qc7 33. Nd6+ Ka8 34. Qxf4 a5 35. e5 b4 36. Qe4 bxc3 37. bxc3 Rf8 38. Qxc4 Qb6 39. Qd4 Rf1+ 40. Kd2 Qb1 41. Qg4 Rf2+ 42. Ke3 Qe1+ 43. Kd4 Qd2+ 44. Kc5 Qxc3+ 45. Nc4 Rf5 46. Qd4 Qxd4+ 47. Kxd4 Rf4+ 48. Kc5 Rxh4 49. Nxa5 Re4 50. Nxc6 g5 51. Kd6 Rf4 52. e6 Rf8 53. e7 Re8 54. Ke6 g4 55. Nd4 g3 56. Ne2 g2 57. Kf7 Rc8 58. e8Q Rxe8 59. Kxe8 h5 60. Kf7 h4 61. Ng1 Ka7 62. Kg6 Kb6 63. Kf5 Kb5 64. Ke4 Ka4 65. c4 1-0

[Event "Novosibirsk op 03"]
[Site "Novosibirsk"]
[Date "2009.03.18"]
[Round "2"]
[White "Faleev, Vasily"]
[Black "Narchuk, Margarita"]
[Result "1/2-1/2"]
[WhiteElo "1959"]
[BlackElo "1746"]
[PlyCount "90"]
[EventDate "2009.03.17"]
[EventType "swiss"]
[EventRounds "9"]
[EventCountry "RUS"]
[SourceTitle "EXT 2012"]
[Source "ChessBase"]
[SourceDate "2011.11.24"]
[SourceVersion "1"]
[SourceVersionDate "2011.11.24"]
[SourceQuality "1"]

1. e4 c5 2. b3 e6 3. Bb2 d5 4. exd5 exd5 5. Qf3 Be6 6. Nc3 Nf6 7. Nb5 Na6 8. 0-0-0 Be7 9. Re1 0-0 10. h3 Nb4 11. Qg3 Nh5 12. Qe5 Nf6 13. Nc7 Bd6 14. Nxe6 Bxe5 15. Nxd8 Bxb2+ 16. Kxb2 Raxd8 17. a3 Nc6 18. Bd3 Rfe8 19. Nf3 a6 20. Re3 d4 21. Rxe8+ Rxe8 22. Re1 Rxe1 23. Nxe1 Ne5 24. Bf5 Ned7 25. c3 dxc3+ 26. Kxc3 Kf8 27. Bxd7 Nxd7 28. Kc4 Ke7 29. Kd5 a5 30. a4 Nf6+ 31. Kxc5 Ne4+ 32. Kb5 Nxd2 33. Kxa5 Nxb3+ 34. Kb6 Kd7 35. Nd3 Kc8 36. a5 f6 37. Nf4 Nd2 38. Nh5 Ne4 39. f3 g6 40. fxe4 gxh5 41. h4 Kb8 42. Kc5 Kc7 43. Kb5 Kc8 44. Kc4 Kd8 45. Kd4 Ke8 1/2-1/2

[Event "Dimitrovgrad-ch"]
[Site "Dimitrovgrad"]
[Date "2009.??.??"]
[Round "4"]
[White "Faleev, Vasily"]
[Black "Norchenko, Konstantin Grigorie"]
[Result "1-0"]
[WhiteElo "1955"]
[BlackElo "2025"]
[PlyCount "67"]
[EventDate "2009.08.??"]
[EventType "swiss"]
[EventRounds "9"]
[EventCountry "RUS"]
[SourceTitle "EXT 2012"]
[Source "ChessBase"]
[SourceDate "2011.11.24"]
[SourceVersion "1"]
[SourceVersionDate "2011.11.24"]
[SourceQuality "1"]

1. e4 c5 2. b3 Nc6 3. Bb2 e6 4. Nc3 a6 5. a4 Qc7 6. Nf3 Nf6 7. Bc4 Nxe4 8. Nxe4 d5 9. Bxd5 exd5 10. Ng3 Qe7+ 11. Kf1 Be6 12. d4 0-0-0 13. dxc5 Qxc5 14. Nd4 Nxd4 15. Bxd4 Qc6 16. Qd3 f6 17. Re1 Bf7 18. Nf5 Re8 19. Ne3 Bg6 20. Qd2 Bd6 21. Bb2 Kb8 22. Rd1 Bf4 23. Bd4 Be4 24. f3 Bxe3 25. Bxe3 Bg6 26. Qd4 Qe6 27. Qa7+ Kc7 28. Kf2 Rd8 29. Bf4+ Kc6 30. a5 Kd7 31. Qxb7+ Ke8 32. Qxg7 Rg8 33. Qc7 Kf8 34. Bh6+ 1-0

[Event "Novosibirsk-ch sf"]
[Site "Novosibirsk"]
[Date "2008.01.17"]
[Round "4"]
[White "Chesnokov, Gennady"]
[Black "Faleev, Vasily"]
[Result "1-0"]
[WhiteElo "1992"]
[BlackElo "1878"]
[PlyCount "37"]
[EventDate "2008.01.13"]
[EventType "swiss"]
[EventRounds "9"]
[EventCountry "RUS"]
[SourceTitle "EXT 2010"]
[Source "ChessBase"]
[SourceDate "2010.11.25"]
[SourceVersion "1"]
[SourceVersionDate "2010.11.25"]
[SourceQuality "1"]

1. e4 e5 2. f4 d5 3. exd5 e4 4. d3 Nf6 5. dxe4 Nxe4 6. Nf3 c6 7. Bd3 Qxd5 8. Qe2 f5 9. Nbd2 Bc5 10. Nxe4 fxe4 11. Bxe4 Qe6 12. Ng5 Qe7 13. Bd2 Nd7 14. 0-0-0 Nf6 15. Rhe1 0-0 16. Bxh7+ Nxh7 17. Qc4+ Kh8 18. Rxe7 Nxg5 19. Qxc5 1-0